Statistics for Anika Noni Rose Filmography

Click here to take the quiz!

General Stats

  • This quiz has been taken 10 times
    (2 since last reset)
  • The average score is 8 of 89

Answer Stats

TypeYearName% Correct
Film2009The Princess and the Frog
100%
Video Game2009The Princess and the Frog
100%
TV Show2012The Simpsons
100%
Film2006Dreamgirls
50%
Film2010For Colored Girls
50%
Film2021Injustice
50%
Web Special2023LEGO Disney Princess: The Castle Quest
50%
Short Film2023Once Upon a Studio
50%
Film2023Outlaw Johnny Black
50%
TV Show2012Private Practice
50%
TV Mini-Series2016Roots
50%
Web Series2024Tiana
50%
Web Series2017Voltron: Legendary Defender
50%
TV Show2001100 Centre Street
0%
Award Show201041st NAACP Image Awards
0%
TV Film2014A Day Late and a Dollar Short
0%
Theater2004A Good Man
0%
Documentary Series2018American Masters
0%
TV Show2021-2022Amphibia
0%
Theater2014A Raisin in the Sun
0%
Film2013As Cool as I Am
0%
Film2018Assassination Nation
0%
TV Show2019Avengers Assemble
0%
TV Mini-Series2011Bag of Bones
0%
TV Show2015-2016Bates Motel
0%
Film2020Body Cam
0%
Theater2001, 2018Carmen Jones
0%
Theater2003-2004Caroline, or Change
0%
Theater2008Cat on a Hot Tin Roof
0%
Theater2011Company
0%
Film2011Company
0%
Web Series2018, 2019Disney Comics in Motion
0%
Video Game2012Disney Princess: My Fairytale Adventure
0%
TV Show2012Elementary
0%
Theater2001Eli's Comin'
0%
Film2017Everything, Everything
0%
Web Series2021Family Reunion
0%
Theater2000Footloose
0%
TV Film2015For Justice
0%
Film2003From Justin to Kelly
0%
TV Show2003Hack
0%
Film2013Half of a Yellow Sun
0%
Theater2013Hamilton
0%
TV Film2011Have a Little Faith
0%
Theater1998Hydriotaphia, or the Death of Dr. Browne
0%
Film2014Imperial Dreams
0%
Theater1998Insurrection: Holding History
0%
Film2020Jingle Jangle: A Christmas Journey
0%
Film2008Just Add Water
0%
Film2013Khumba
0%
Video Game2011Kinect: Disneyland Adventures
0%
Short Film1999King of the Bingo Game
0%
TV Show2011Law & Order: Special Victims Unit
0%
Film2000Leonard Bernstein's Mass at Vatican City
0%
TV Show2022Let the Right One In
0%
Theater2002Lil Budda
0%
Web Mini-Series2020Little Fires Everywhere
0%
TV Show2020Magical Girl Friendship Squad: Origins
0%
Web Mini-Series2021Maid
0%
Theater2001Me and Mrs. Jones
0%
Theater2010On a Clear Day You Can See Forever
0%
Web Series2022-2023Pantheon
0%
Theater1996Pippin
0%
TV Show2016-2017Power
0%
Theater2005Purlie
0%
Film2018Ralph Breaks the Internet
0%
Film2012Skyler
0%
TV Show2014Sofia the First
0%
Video Game2012Sorcerers of the Magic Kingdom
0%
Web Series2023Star Wars: Visions
0%
Film2004Surviving Christmas
0%
Theater1999Tartuffe
0%
Film2004Temptation
0%
Film2014The Blue Mauritius
0%
Theater2013The Cradle Will Rock
0%
Theater2001-2002The Difficulty of Crossing a Field
0%
Theater2005The Funkentine Rapture
0%
TV Show2010-2013The Good Wife
0%
Film2020The Killing of Kenneth Chamberlain
0%
Web Series2021Them
0%
TV Show2008-2009The No. 1 Ladies' Detective Agency
0%
TV Show2017-2018The Quad
0%
TV Mini-Series2007The Starter Wife
0%
Theater1999The Threepenny Opera
0%
TV Film2013The Watsons Go to Birmingham
0%
TV Show2002Third Watch
0%
Theater2024Uncle Vanya
0%
Theater1998Valley Song
0%
Web Series2015-2016Vixen
0%

Score Distribution

Percentile by Number Answered

Percent of People with Each Score

Your Score History

You have not taken this quiz since the last reset